000 00824nam a2200253 4500
003 OSt
005 20260601171011.0
008 260506b2008\\\\it\a||||\||||\00|\0\ita\d
020 _a978883874324X
040 _aICI
_bspa
_cIC
041 _aita
_aeng
050 _aNK1520
_bD66 2008
100 1 _aDominoni, Annalisa
_eautor
_933141
245 1 _aEsercizi creativi di design = Creative Design Practices :
_bThe creative process in product design and evironment for educational /
_cAnnalisa Dominoni
264 _aMilano:
_bMagglioli Editore,
_c2008
300 _a135 páginas :
_bilustraciones
336 _atexto
_2rdacontent
337 _asin medio
_2rdamedia
338 _avolumen
_2rdacarrier
650 _aDiseño industrial.
_915218
650 _aCreatividad.
650 _aDiseño de productos.
942 _2ddc
_cB
_n1
999 _c20507
_d20507